[Event "Tournament 14472 - Europe Echecs"]
[Site "Europe Echecs"]
[Date "2020.07.10"]
[Round "2"]
[Time "14:35:42"]
[PlyCount "161"]
[White "FondratJohan"]
[Black "LecciaThomas"]
[WhiteElo "1509"]
[BlackElo "1893"]
[Mode "WEB"]
[Result "0-1"]

1. e4 e6 2. d3 d5 3. Nd2 c5 4. Ngf3 Nc6 5. g3 g6 6. Bg2 Bg7 7. O-O Nge7 8. Re1
O-O 9. c3 h6 10. Nf1 g5 11. h4 f6 12. N1h2 Ng6 13. hxg5 fxg5 14. Ng4 d4 15. cxd4
Nxd4 16. Nxd4 Qxd4 17. Be3 Qd6 18. Qc2 e5 19. Nh2 b6 20. Nf1 Be6 21. b3 Rac8 22.
Nd2 Rfd8 23. Bf1 Qd7 24. Kh2 Ne7 25. Red1 Nc6 26. a3 Nd4 27. Bxd4 cxd4 28. Qb2
Qf7 29. Kg2 Rf8 30. Nc4 b5 31. Na5 Bg4 32. Rd2 Bf3+ 33. Kg1 Qh5 34. Bg2 g4 35.
b4 Qg5 36. Nb3 h5 37. Bxf3 gxf3 38. Kh2 Rf4 39. Rh1 Rh4+ 40. Kg1 Rxh1+ 41. Kxh1
Qg4 42. Kh2 h4 43. Qb1 hxg3+ 44. fxg3 Rc6 45. Qe1 Rh6+ 46. Kg1 Rh3 47. Rh2 Rxg3+
48. Kh1 Rh3 49. Qf2 Bh6 50. Nd2 Qg2+ 51. Qxg2+ fxg2+ 52. Kxg2 Rxh2+ 53. Kxh2
Bxd2 54. Kg3 Bf4+ 55. Kg4 Kf7 56. Kf5 Bg3 57. Kg4 Bf4 58. Kf3 Ke6 59. Ke2 Bc1
60. Kd1 Bxa3 61. Kd2 Bxb4+ 62. Kc2 Bc3 63. Kb3 a5 64. Kc2 a4 65. Kb1 a3 66. Ka2
b4 67. Kb3 Bb2 68. Ka2 Kf6 69. Kb3 Kg5 70. Kc2 Kf4 71. Kb3 Ke3 72. Kxb4 a2 73.
Kb3 a1=Q 74. Kc2 Qc1+ 75. Kb3 Qc3+ 76. Ka2 Qa5+ 77. Kb1 Bc3 78. Kc2 Qa2+ 79. Kc1
Qb2+ 80. Kd1 Qd2# {FondratJohan est échec et mat} 0-1

[Event "Tournament 14472 - Europe Echecs"]
[Site "Europe Echecs"]
[Date "2020.07.10"]
[Round "2"]
[Time "14:35:42"]
[PlyCount "81"]
[White "EvrinSelvam"]
[Black "GalhaudVictor"]
[WhiteElo "1882"]
[BlackElo "1446"]
[Mode "WEB"]
[Result "0-1"]

1. e4 Nc6 2. d4 d5 3. e5 Bf5 4. c3 e6 5. Bd3 Nge7 6. Ne2 Bxd3 7. Qxd3 Nf5 8. O-O
Be7 9. Ng3 Nxg3 10. Qxg3 g6 11. Bh6 Bf8 12. Be3 h5 13. Nd2 Bh6 14. Bxh6 Rxh6 15.
a4 Ne7 16. Qe3 Nf5 17. Qd3 Qe7 18. a5 g5 19. a6 b6 20. Qb5+ Kf8 21. Qc6 Rc8 22.
Qb7 Qd8 23. Qxa7 Ra8 24. Qb7 Rb8 25. Qc6 Kg7 26. a7 Ra8 27. Nf3 g4 28. Nd2 h4
29. f3 h3 30. g3 Ne3 31. Rf2 Nc2 32. Ra2 gxf3 33. Nxf3 Ne3 34. b3 Rg6 35. Nh4
Qxh4 36. Qxa8 Rxg3+ 37. hxg3 Qxg3+ 38. Kh1 Ng4 39. Rf1 Qe3 40. Rff2 Qe1+ {EvrinSelvam a perdu au temps} 0-1

[Event "Tournament 14472 - Europe Echecs"]
[Site "Europe Echecs"]
[Date "2020.07.10"]
[Round "2"]
[Time "14:35:42"]
[PlyCount "38"]
[White "courjalpauline"]
[Black "JaulinVincent"]
[WhiteElo "1848"]
[BlackElo "1438"]
[Mode "WEB"]
[Result "1-0"]

1. e4 e5 2. Nc3 Nf6 3. f4 d6 4. Bc4 Nc6 5. Nf3 Be7 6. O-O O-O 7. d3 a6 8. a3 h6
9. f5 Re8 10. h3 Rb8 11. Nh2 Nd4 12. Ng4 c6 13. Nxf6+ Bxf6 14. Qh5 Qc7 15. Bxh6
gxh6 16. Qg6+ Bg7 17. f6 Ne6 18. Bxe6 Bxe6 19. Qxg7# {JaulinVincent est échec et mat} 1-0

[Event "Tournament 14472 - Europe Echecs"]
[Site "Europe Echecs"]
[Date "2020.07.10"]
[Round "2"]
[Time "14:35:42"]
[PlyCount "53"]
[White "GlemeeMalo"]
[Black "AlaimeMaxime"]
[WhiteElo "1474"]
[BlackElo "1834"]
[Mode "WEB"]
[Result "0-1"]

1. d4 Nf6 2. Nf3 g6 3. c4 Bg7 4. Nc3 d6 5. e4 O-O 6. Be3 e5 7. d5 Nbd7 8. Qd2
Ng4 9. Bg5 f6 10. Bh4 a5 11. h3 Nh6 12. Be2 Nc5 13. g4 Nf7 14. Bg3 f5 15. gxf5
gxf5 16. exf5 Bxf5 17. Nh4 Nh6 18. O-O-O Qf6 19. Rdg1 Kh8 20. Nxf5 Nxf5 21. f3
Bh6 22. f4 Nxg3 23. Rxg3 Bxf4 24. Re3 Qh6 25. Nd1 Bxe3 26. Nxe3 Ne4 {GlemeeMalo a abandonné} 0-1

[Event "Tournament 14472 - Europe Echecs"]
[Site "Europe Echecs"]
[Date "2020.07.10"]
[Round "2"]
[Time "14:35:42"]
[PlyCount "41"]
[White "ThibaudetVince"]
[Black "LarmetNino"]
[WhiteElo "1450"]
[BlackElo "1818"]
[Mode "WEB"]
[Result "0-1"]

1. e4 e5 2. Nf3 Nc6 3. d4 exd4 4. Nxd4 Nf6 5. Nc3 Bb4 6. Nxc6 bxc6 7. Bd3 d5 8.
e5 Nd7 9. O-O O-O 10. Re1 d4 11. Bxh7+ Kxh7 12. Qxd4 Qe7 13. Re3 Nb6 14. Bd2
Bxc3 15. Bxc3 Nd5 16. e6 fxe6 17. Rh3+ Kg8 18. Re1 Nxc3 19. Qxc3 Qf6 20. Qxc6
Qxf2+ {ThibaudetVince a abandonné} 0-1

[Event "Tournament 14472 - Europe Echecs"]
[Site "Europe Echecs"]
[Date "2020.07.10"]
[Round "2"]
[Time "14:35:42"]
[PlyCount "51"]
[White "PhambanienJacq"]
[Black "BrunPierre"]
[WhiteElo "1204"]
[BlackElo "1803"]
[Mode "WEB"]
[Result "0-1"]

1. e4 e5 2. Nf3 Nc6 3. Bc4 Bc5 4. O-O Nf6 5. d3 h6 6. c3 O-O 7. a4 a5 8. Re1 d6
9. Be3 Bxe3 10. Rxe3 Ne7 11. d4 Ng6 12. h3 c6 13. Qb3 Qc7 14. d5 cxd5 15. Bxd5
Nxd5 16. exd5 f5 17. c4 b6 18. Nbd2 Ba6 19. Qc3 Rae8 20. g3 Qd7 21. b4 axb4 22.
Qxb4 f4 23. Rb3 fxg3 24. Kg2 Nf4+ 25. Kxg3 Qxh3# {PhambanienJacq est échec et mat} 0-1

[Event "Tournament 14472 - Europe Echecs"]
[Site "Europe Echecs"]
[Date "2020.07.10"]
[Round "2"]
[Time "14:35:42"]
[PlyCount "60"]
[White "CarlierBromber"]
[Black "SzubertEmma"]
[WhiteElo "1790"]
[BlackElo "1232"]
[Mode "WEB"]
[Result "1-0"]

1. e4 e5 2. Nf3 Nc6 3. Bc4 Bc5 4. Nc3 h6 5. d3 Nf6 6. a3 d6 7. h3 O-O 8. Be3
Bxe3 9. fxe3 Nh5 10. g4 Nf6 11. Qe2 Bd7 12. O-O-O Ne7 13. g5 hxg5 14. Nxg5 Ng6
15. Rdf1 c6 16. h4 Bg4 17. Qg2 Bd7 18. h5 Nh8 19. h6 g6 20. h7+ Kg7 21. Rhg1 Qe7
22. Nxf7 Ng4 23. Nxh8 Rxf1+ 24. Rxf1 Kxh8 25. Rf7 Qe8 26. Qf3 Be6 27. Bxe6 Qxe6
28. Rxb7 Nh2 29. Qf7 Qh3 30. Qf6# {SzubertEmma est échec et mat} 1-0

[Event "Tournament 14472 - Europe Echecs"]
[Site "Europe Echecs"]
[Date "2020.07.10"]
[Round "2"]
[Time "14:35:42"]
[PlyCount "76"]
[White "GavilaQuentin"]
[Black "LordierSophia"]
[WhiteElo "1199"]
[BlackElo "1776"]
[Mode "WEB"]
[Result "1-0"]

1. e4 c5 2. d4 cxd4 3. c3 Nf6 4. cxd4 Nxe4 5. Nc3 Nf6 6. Nf3 d5 7. Bf4 e6 8. Nb5
Bb4+ 9. Nd2 Na6 10. a3 Bxd2+ 11. Qxd2 O-O 12. Be2 Ne4 13. Qe3 Qa5+ 14. Nc3 Nxc3
15. bxc3 Bd7 16. O-O Rac8 17. Rfc1 b5 18. Qg3 Kh8 19. Bd6 Rfe8 20. Be5 f6 21.
Bf4 Nb8 22. Bh5 Red8 23. Be2 Nc6 24. Bd6 Be8 25. Bc5 e5 26. Bd3 Bf7 27. Qh3 Bg8
28. Bf5 Rc7 29. Re1 Ne7 30. Bb4 Qb6 31. Bc5 Qa6 32. Re3 Nxf5 33. Qxf5 Be6 34.
Qh5 e4 35. Rg3 Qb7 36. Qe2 a6 37. Qe3 Qc6 38. Re1 {LordierSophia a perdu au temps} 1-0

[Event "Tournament 14472 - Europe Echecs"]
[Site "Europe Echecs"]
[Date "2020.07.10"]
[Round "2"]
[Time "14:35:42"]
[PlyCount "112"]
[White "SansoneAdam"]
[Black "MigoliRomain"]
[WhiteElo "1776"]
[BlackElo "1201"]
[Mode "WEB"]
[Result "1-0"]

1. e4 e5 2. Nf3 Nc6 3. Bb5 Bc5 4. O-O Nf6 5. Re1 Ng4 6. Re2 d6 7. h3 Nf6 8. c3
O-O 9. d4 exd4 10. cxd4 Bb6 11. Nc3 Ne7 12. Bg5 Ne8 13. Nd5 f6 14. Nxb6 axb6 15.
Bf4 c6 16. Qb3+ Kh8 17. Bd3 Ng6 18. Bg3 Nc7 19. e5 dxe5 20. Bxg6 hxg6 21. dxe5
Be6 22. Qxb6 Nd5 23. Qxd8 Raxd8 24. exf6 Rxf6 25. Bh4 Nf4 26. Re4 Nxh3+ 27. gxh3
Rxf3 28. Bxd8 Bxh3 29. Re3 Rxe3 30. fxe3 Bf5 31. Kf2 Be6 32. a4 Bb3 33. a5 Kg8
34. a6 bxa6 35. Rxa6 Bd5 36. Ra7 g5 37. Bxg5 g6 38. Bh6 c5 39. Rg7+ Kf8 40. Rd7+
Kg8 41. Rxd5 c4 42. e4 g5 43. e5 g4 44. e6 g3+ 45. Kxg3 c3 46. bxc3 Kh7 47. e7
Kxh6 48. e8=Q Kg7 49. Rg5+ Kf6 50. Qg6+ Ke7 51. Re5+ Kd7 52. Qe6+ Kc7 53. Rc5+
Kb7 54. Qc6+ Ka7 55. Ra5+ Kb8 56. Ra8# {MigoliRomain est échec et mat} 1-0

[Event "Tournament 14472 - Europe Echecs"]
[Site "Europe Echecs"]
[Date "2020.07.10"]
[Round "2"]
[Time "14:35:42"]
[PlyCount "113"]
[White "LeonardyBatist"]
[Black "AllardNedellecG"]
[WhiteElo "1177"]
[BlackElo "1768"]
[Mode "WEB"]
[Result "0-1"]

1. e4 e6 2. d4 d5 3. Nd2 Nf6 4. e5 Nfd7 5. c3 c5 6. Bd3 b6 7. Ne2 Ba6 8. Bc2 Nc6
9. Nf3 Be7 10. O-O Qc7 11. Re1 h6 12. a3 O-O-O 13. b4 cxd4 14. cxd4 Bc4 15. Bd3
b5 16. Bxc4 dxc4 17. Nc3 a6 18. d5 Ncxe5 19. dxe6 Nf6 20. Qe2 Nxf3+ 21. Qxf3
fxe6 22. Bf4 Bd6 23. Bxd6 Rxd6 24. Qa8+ Qb8 25. Qxb8+ Kxb8 26. Ne4 Nxe4 27. Rxe4
Rhd8 28. Rae1 Kc7 29. g3 Kd7 30. Rg4 g5 31. Rge4 Rf8 32. a4 Rf6 33. axb5 axb5
34. Re5 Kc6 35. Kg2 Kb6 36. R1e2 Rc6 37. Kh3 c3 38. Rc2 Rf5 39. Re3 Kb7 40. Kg2
Rc4 41. Rcxc3 Rxb4 42. Rxe6 Rb2 43. Rf3 Rxf3 44. Kxf3 h5 45. Rh6 b4 46. Ke3 b3
47. Kd3 Rxf2 48. Rxh5 b2 49. Rh7+ Kc6 50. Rh6+ Kb5 51. Rh8 b1=Q+ 52. Ke3 Qe1+
53. Kd3 Rd2+ 54. Kc3 Qc1+ 55. Kb3 Rb2+ 56. Ka3 Qa1# {LeonardyBatist est échec et mat} 0-1

[Event "Tournament 14472 - Europe Echecs"]
[Site "Europe Echecs"]
[Date "2020.07.10"]
[Round "2"]
[Time "14:35:42"]
[PlyCount "146"]
[White "BorissovVictor"]
[Black "FloresVictor"]
[WhiteElo "1162"]
[BlackElo "1741"]
[Mode "WEB"]
[Result "1-0"]

1. e4 c5 2. Nf3 g6 3. d4 cxd4 4. Nxd4 Nc6 5. c4 Nf6 6. Nc3 d6 7. Be3 Ng4 8. Nxc6
bxc6 9. Bg5 Qb6 10. Qd2 h6 11. Bf4 e5 12. Bg3 Rb8 13. b3 Be7 14. h3 Nf6 15. Bd3
Be6 16. O-O g5 17. Kh1 g4 18. h4 Nh5 19. Kh2 Nxg3 20. fxg3 Rb7 21. Rf2 Qd4 22.
Rff1 Bd8 23. Ne2 Qc5 24. Qe1 Ba5 25. Qf2 Qxf2 26. Rxf2 Bb6 27. Rf6 Ke7 28. Raf1
h5 29. Nc3 Bd4 30. Ne2 Be3 31. Nc3 Bh6 32. R6f2 Rb6 33. Na4 Rb7 34. c5 d5 35.
exd5 cxd5 36. Bf5 Rc7 37. Bxe6 Kxe6 38. Rf6+ Ke7 39. Rxf7+ Kd8 40. Rxc7 Kxc7 41.
Rf7+ Kb8 42. Kg1 e4 43. Kf2 d4 44. Re7 e3+ 45. Ke2 Rd8 46. Nb2 Bf8 47. Re5 Bg7
48. Re7 Bf6 49. Rf7 Be5 50. Rf5 Bxg3 51. Rxh5 Kc7 52. b4 Kc6 53. a4 Rb8 54. b5+
Kc7 55. Rh7+ Kd8 56. Rh8+ Kc7 57. Rxb8 Kxb8 58. h5 Bf4 59. Nc4 a6 60. Na5 axb5
61. Nc6+ Kc7 62. axb5 Kd7 63. Nxd4 Bh6 64. Nf5 Bf8 65. c6+ Kc7 66. Nxe3 Kb6 67.
Nd5+ Ka7 68. c7 Kb7 69. b6 Bh6 70. Ne7 Bg5 71. c8=Q+ Kxb6 72. Nd5+ Kb5 73. Nc3+ {FloresVictor a abandonné} 1-0

[Event "Tournament 14472 - Europe Echecs"]
[Site "Europe Echecs"]
[Date "2020.07.10"]
[Round "2"]
[Time "14:35:42"]
[PlyCount "46"]
[White "CaptonRafael"]
[Black "PodbeltsevKiri"]
[WhiteElo "1737"]
[BlackElo "999"]
[Mode "WEB"]
[Result "1-0"]

1. e4 d5 2. exd5 Qxd5 3. Nc3 Qa5 4. Bc4 Nc6 5. Nf3 Ne5 6. Bb3 Nxf3+ 7. Qxf3 Qf5
8. Qg3 c5 9. O-O e5 10. Re1 Bd6 11. Nb5 Qd7 12. Nxd6+ Qxd6 13. Qxg7 Qf6 14.
Rxe5+ Qxe5 15. Qxe5+ Ne7 16. Qxh8+ Kd7 17. d4 Ng6 18. Qf6 b6 19. dxc5 bxc5 20.
Be3 Ke8 21. Bxc5 h5 22. Re1+ Kd7 23. Qd6# {PodbeltsevKiri est échec et mat} 1-0

[Event "Tournament 14472 - Europe Echecs"]
[Site "Europe Echecs"]
[Date "2020.07.10"]
[Round "2"]
[Time "14:35:42"]
[PlyCount "146"]
[White "TomasMaureen"]
[Black "ValleeLouis"]
[WhiteElo "1468"]
[BlackElo "1864"]
[Mode "WEB"]
[Result "1-0"]

1. c4 c6 2. Nc3 d5 3. cxd5 cxd5 4. e3 Nf6 5. g3 Nc6 6. Bg2 e6 7. Nge2 Be7 8. O-O
O-O 9. d4 Bd7 10. Nf4 Rc8 11. b3 a6 12. Bd2 Na7 13. Rc1 Nb5 14. Re1 Nxc3 15.
Rxc3 Rxc3 16. Bxc3 Qc7 17. Qd2 Rc8 18. Rc1 b5 19. Bb2 Qb8 20. Rxc8+ Qxc8 21. Qc3
Qb7 22. Nd3 b4 23. Qc2 Bb5 24. Bf1 Ne4 25. Ne5 Bxf1 26. Kxf1 Bd6 27. Nd3 a5 28.
Kg2 Kf8 29. Qc1 f6 30. Qc2 Ke7 31. f3 Ng5 32. h4 Nf7 33. Nc5 Qc6 34. Qc1 Bxc5
35. Qxc5+ Qxc5 36. dxc5 Kd7 37. f4 Kc6 38. Bd4 Nd8 39. Kf3 Nb7 40. e4 Nxc5 41.
exd5+ exd5 42. Ke3 a4 43. Bxc5 Kxc5 44. bxa4 h5 45. Kd3 g6 46. a5 Kb5 47. Kd4
Kxa5 48. Kxd5 Ka4 49. Kc4 Ka3 50. Kb5 b3 51. axb3 Kxb3 52. Kc5 Kc3 53. Kd5 Kd3
54. Ke6 f5 55. Kf6 Ke4 56. Kxg6 Kf3 57. Kxf5 Kxg3 58. Kg5 Kf3 59. f5 Ke4 60. f6
Ke5 61. f7 Ke4 62. f8=Q Ke5 63. Qe7+ Kd5 64. Kf5 Kd4 65. Qe5+ Kd3 66. Qe4+ Kc3
67. Ke5 Kd2 68. Qf3 Kc2 69. Kd4 Kb2 70. Qd3 Ka2 71. Qb5 Ka3 72. Kc3 Ka2 73. Qb2# {ValleeLouis est échec et mat} 1-0

[Event "Tournament 14472 - Europe Echecs"]
[Site "Europe Echecs"]
[Date "2020.07.10"]
[Round "2"]
[Time "14:35:42"]
[PlyCount "148"]
[White "RazeMorvan"]
[Black "MolinesMartin"]
[WhiteElo "1326"]
[BlackElo "1033"]
[Mode "WEB"]
[Result "1-0"]

1. d4 d5 2. g3 Nc6 3. Bg2 Bf5 4. a3 Nf6 5. Nf3 e6 6. O-O Bd6 7. Nc3 O-O 8. Nh4
Bg4 9. h3 Bh5 10. g4 Bg6 11. Nxg6 fxg6 12. Nb5 a6 13. Nxd6 Qxd6 14. c3 Rad8 15.
Qd3 e5 16. dxe5 Nxe5 17. Qg3 Nf7 18. Qxd6 Nxd6 19. Rd1 c6 20. Bf4 Nde4 21. f3
Nc5 22. Bc7 Rd7 23. Bg3 Nb3 24. Rab1 Rfd8 25. Bf2 d4 26. cxd4 Nxd4 27. Rxd4 Rxd4
28. Bxd4 Rxd4 29. Kf2 Nd5 30. Rc1 Nf4 31. Bf1 Rd5 32. e4 Rb5 33. Bxb5 cxb5 34.
Kg3 Ne2+ 35. Kf2 Nxc1 36. Ke3 Nb3 37. Kd3 Nc5+ 38. Kd4 Ne6+ 39. Kd5 Nf4+ 40. Kd6
Nxh3 41. Kc7 Ng1 42. f4 Ne2 43. f5 gxf5 44. exf5 Kf7 45. Kxb7 Kf6 46. Kxa6 Kg5
47. Kxb5 Kxg4 48. a4 h5 49. a5 Nd4+ 50. Kb6 Nxf5 51. a6 Nd6 52. a7 Nc4+ 53. Kc7
h4 54. a8=Q Ne5 55. Qe4+ Kg5 56. Qxe5+ Kg4 57. Qxg7+ Kh3 58. Qc3+ Kg4 59. Qe1 h3
60. Qh1 Kg3 61. Kc6 h2 62. Kd5 Kh3 63. Ke4 Kg3 64. Ke3 Kh3 65. Kf3 Kh4 66. Kg2
Kg4 67. Qxh2 Kg5 68. Qh3 Kf4 69. Qf3+ Kg5 70. Kf2 Kh4 71. Qg2 Kh5 72. Kf3 Kh6
73. Kf4 Kh5 74. Qg5# {MolinesMartin est échec et mat} 1-0

[Event "Tournament 14472 - Europe Echecs"]
[Site "Europe Echecs"]
[Date "2020.07.10"]
[Round "2"]
[Time "14:35:42"]
[PlyCount "72"]
[White "KuhnMathilde"]
[Black "CheminadePauli"]
[WhiteElo "1764"]
[BlackElo "1306"]
[Mode "WEB"]
[Result "1-0"]

1. e4 e5 2. Nf3 Nc6 3. d4 exd4 4. Bc4 Bc5 5. c3 Nf6 6. cxd4 Bb6 7. e5 Ng4 8. h3
Nh6 9. Nc3 d6 10. Bxh6 gxh6 11. O-O Bf5 12. Re1 O-O 13. Nd5 Kh8 14. Qd2 h5 15.
Nf6 Rg8 16. Nxg8 Qxg8 17. Qh6 Nxd4 18. Ng5 Bg6 19. Rad1 Nf5 20. Nxf7+ Bxf7 21.
Qf6+ Qg7 22. Bxf7 Qxf6 23. exf6 Rf8 24. Re8 Rxe8 25. Bxe8 Kg8 26. f7+ Kf8 27.
Rd5 Ng7 28. Kf1 Bc5 29. Ke2 h4 30. a3 Nxe8 31. fxe8=Q+ Kxe8 32. b4 Bb6 33. Rh5
Kf7 34. Rxh7+ Kg6 35. Rxh4 Bd4 36. Rxd4 {CheminadePauli a abandonné} 1-0

[Event "Tournament 14472 - Europe Echecs"]
[Site "Europe Echecs"]
[Date "2020.07.10"]
[Round "2"]
[Time "14:35:42"]
[PlyCount "59"]
[White "CourcelleVicto"]
[Black "GrimaultLeane"]
[WhiteElo "1314"]
[BlackElo "1622"]
[Mode "WEB"]
[Result "0-1"]

1. c4 e6 2. Nc3 d5 3. cxd5 exd5 4. d4 Nf6 5. Nf3 Bb4 6. Bd2 O-O 7. e3 Bf5 8. Be2
h6 9. O-O c6 10. Re1 Nbd7 11. a3 Bd6 12. Nh4 Bh7 13. Nf3 Qc7 14. b4 Ne4 15. b5
Nxc3 16. Bxc3 Rac8 17. bxc6 bxc6 18. Bb4 Bxb4 19. axb4 Rb8 20. Qa4 Nf6 21. Rec1
Rfc8 22. b5 cxb5 23. Rxc7 bxa4 24. Rxc8+ Rxc8 25. h4 Bc2 26. Bb5 Ng4 27. g3 Be4
28. Kg2 Rc2 29. Rf1 Nxe3+ {CourcelleVicto a abandonné} 0-1

[Event "Tournament 14472 - Europe Echecs"]
[Site "Europe Echecs"]
[Date "2020.07.10"]
[Round "2"]
[Time "14:35:42"]
[PlyCount "85"]
[White "ElsadigBashirH"]
[Black "TuillierValent"]
[WhiteElo "1298"]
[BlackElo "1607"]
[Mode "WEB"]
[Result "0-1"]

1. d4 Nf6 2. Nf3 e6 3. Bf4 b6 4. e3 Be7 5. Bd3 c5 6. O-O Nc6 7. c3 d5 8. Nbd2
Bb7 9. Ne5 O-O 10. Nxc6 Bxc6 11. Bg5 h6 12. Bh4 Qc7 13. f4 Rad8 14. Nf3 c4 15.
Bc2 Ne4 16. Bxe7 Qxe7 17. Bxe4 dxe4 18. Ne5 Ba8 19. a4 Qc7 20. Qe2 Bd5 21. Kh1
Kh7 22. Qg4 Qe7 23. h4 Rg8 24. h5 Qf6 25. Qh3 g6 26. hxg6+ fxg6 27. Ng4 Qg7 28.
Ne5 Rgf8 29. g4 g5 30. fxg5 Qxg5 31. Nf7 Rxf7 32. Rxf7+ Kg8 33. Raf1 e5 34. dxe5
Bxf7 35. Rf5 Qg7 36. Rf6 Bg6 37. g5 hxg5 38. Qe6+ Kh7 39. Qxc4 Qh6+ 40. Kg2 Rd2+
41. Kg3 Qh2+ 42. Kg4 Rg2# {ElsadigBashirH est échec et mat} 0-1

[Event "Tournament 14472 - Europe Echecs"]
[Site "Europe Echecs"]
[Date "2020.07.10"]
[Round "2"]
[Time "14:35:42"]
[PlyCount "108"]
[White "BaderPaul"]
[Black "GrallKaelan"]
[WhiteElo "1243"]
[BlackElo "1577"]
[Mode "WEB"]
[Result "1-0"]

1. e4 c5 2. Bc4 d6 3. Nc3 Nf6 4. d3 g6 5. Nf3 Bg7 6. Bg5 O-O 7. O-O Nc6 8. a3
Bg4 9. h3 Bxf3 10. Qxf3 Nd4 11. Qd1 Qb6 12. Rb1 Rfe8 13. Bxf6 Bxf6 14. Nd5 Qd8
15. c3 Nc6 16. Qb3 Na5 17. Nxf6+ exf6 18. Bxf7+ Kg7 19. Qa2 Re7 20. Bd5 Qb6 21.
b4 cxb4 22. axb4 Nc6 23. Qd2 Rc8 24. Bxc6 Rxc6 25. c4 Qd4 26. b5 Rxc4 27. Qe2
Rb4 28. Qe3 Qxe3 29. fxe3 Rxb1 30. Rxb1 d5 31. Rc1 dxe4 32. dxe4 Rxe4 33. Rc7+
Kh6 34. Rxb7 Rxe3 35. Rxa7 Rb3 36. Rb7 g5 37. b6 Kg6 38. Rb8 Kf5 39. b7 Rb2 40.
Kf1 Kf4 41. Kg1 Kg3 42. Kf1 Rxg2 43. Rh8 Rf2+ 44. Ke1 Rb2 45. b8=Q+ Rxb8 46.
Rxb8 Kxh3 47. Rf8 h5 48. Rxf6 g4 49. Kf2 h4 50. Kg1 g3 51. Rf4 g2 52. Rf3+ Kg4
53. Kxg2 h3+ 54. Rxh3 {GrallKaelan a abandonné} 1-0

[Event "Tournament 14472 - Europe Echecs"]
[Site "Europe Echecs"]
[Date "2020.07.10"]
[Round "2"]
[Time "14:35:42"]
[PlyCount "109"]
[White "ReynaudAntoine"]
[Black "FonluptEsteban"]
[WhiteElo "1231"]
[BlackElo "1436"]
[Mode "WEB"]
[Result "0-1"]

1. e4 b6 2. d4 Bb7 3. Nc3 e6 4. f4 Bb4 5. e5 c5 6. a3 cxd4 7. Qxd4 Bc5 8. Qd3 d6
9. Be3 Bxe3 10. Qxe3 d5 11. Bb5+ Nc6 12. Nce2 a6 13. Ba4 b5 14. Bb3 d4 15. Qd3
Nxe5 16. fxe5 Bxg2 17. Qg3 Bxh1 18. Qxg7 Qh4+ 19. Kd2 Qh6+ 20. Qxh6 Nxh6 21.
Nxd4 Rd8 22. Ke3 Bd5 23. Bxd5 Rxd5 24. Nc6 Kd7 25. Nb4 Rxe5+ 26. Kf4 Rf5+ 27.
Ke4 Rg8 28. Nxa6 Rg4+ 29. Ke3 Rh5 30. Rd1+ Ke7 31. Nf3 Nf5+ 32. Kf2 Rf4 33. Ke2
Rh3 34. Rd3 Nh4 35. Nxh4 Rxh2+ 36. Ke1 Rfxh4 37. Nc7 Rxc2 38. Kd1 Rxb2 39. Kc1
Rg2 40. Nxb5 Rc4+ 41. Kb1 Rf4 42. Nc3 Rf1+ 43. Rd1 Rxd1+ 44. Nxd1 Rg3 45. Kb2 h5
46. a4 h4 47. a5 h3 48. a6 h2 49. a7 h1=Q 50. Nf2 Qb7+ 51. Kc2 Qxa7 52. Nd3 Qa2+
53. Nb2 Qb3+ 54. Kb1 Rg1# {ReynaudAntoine est échec et mat} 0-1

[Event "Tournament 14472 - Europe Echecs"]
[Site "Europe Echecs"]
[Date "2020.07.10"]
[Round "2"]
[Time "14:35:42"]
[PlyCount "60"]
[White "JamaliElias"]
[Black "EkandeEthan"]
[WhiteElo "1434"]
[BlackElo "1200"]
[Mode "WEB"]
[Result "1-0"]

1. e4 e5 2. Nf3 Nc6 3. Bc4 Bc5 4. d3 h6 5. Nbd2 Nf6 6. O-O O-O 7. Re1 d6 8. Nf1
Ng4 9. Be3 Bb4 10. c3 Ba5 11. Bd2 a6 12. h3 Nf6 13. Ng3 d5 14. exd5 Ne7 15. Nxe5
Nf5 16. Ne4 Nd6 17. Nxd6 Qxd6 18. d4 Nd7 19. Bf4 Nxe5 20. Bxe5 Qg6 21. Bd3 Qg5
22. Qf3 b5 23. d6 cxd6 24. Bxd6 Rd8 25. Be7 f6 26. Bxd8 Bxd8 27. Qxa8 Bxh3 28.
Qxd8+ Kf7 29. Qe7+ Kg8 30. Qe8# {EkandeEthan est échec et mat} 1-0

[Event "Tournament 14472 - Europe Echecs"]
[Site "Europe Echecs"]
[Date "2020.07.10"]
[Round "2"]
[Time "14:35:42"]
[PlyCount "66"]
[White "SalvignolNatha"]
[Black "EboueIhona"]
[WhiteElo "1209"]
[BlackElo "1429"]
[Mode "WEB"]
[Result "1-0"]

1. e4 d5 2. exd5 Nf6 3. Nc3 Nxd5 4. d4 Bf5 5. Bd3 Bg6 6. Nf3 Nc6 7. Bd2 Bxd3 8.
cxd3 Ndb4 9. Be3 e6 10. O-O Nd5 11. Re1 Be7 12. Qb3 Nxe3 13. fxe3 Rb8 14. Qc2
O-O 15. Rad1 Nb4 16. Qf2 Bf6 17. a3 Nc6 18. Rf1 Ne7 19. Kh1 Nf5 20. e4 Nxd4 21.
e5 Nxf3 22. exf6 Qxf6 23. Qxf3 Qd4 24. Qf4 Qb6 25. Rd2 Rbd8 26. Qg3 c5 27. Ne4
Kh8 28. Rdf2 Rd7 29. Qh3 h6 30. Ng5 Kg8 31. Nxe6 Re8 32. Nxg7 Rde7 33. Nxe8 {EboueIhona a abandonné} 1-0

[Event "Tournament 14472 - Europe Echecs"]
[Site "Europe Echecs"]
[Date "2020.07.10"]
[Round "2"]
[Time "14:35:42"]
[PlyCount "34"]
[White "StajkovskiStef"]
[Black "BoucherAngel"]
[WhiteElo "1428"]
[BlackElo "1199"]
[Mode "WEB"]
[Result "1-0"]

1. d4 d6 2. e4 Nd7 3. f4 Ngf6 4. e5 dxe5 5. fxe5 Nd5 6. c4 Nb4 7. a3 Na6 8. Nf3
c5 9. d5 e6 10. Nc3 exd5 11. cxd5 f6 12. e6 Ne5 13. Nxe5 fxe5 14. Qh5+ g6 15.
Qxe5 Rg8 16. Bb5+ Ke7 17. Bg5# {BoucherAngel est échec et mat} 1-0

[Event "Tournament 14472 - Europe Echecs"]
[Site "Europe Echecs"]
[Date "2020.07.10"]
[Round "2"]
[Time "14:35:42"]
[PlyCount "107"]
[White "BaylacAlison"]
[Black "DevezeArmand"]
[WhiteElo "1199"]
[BlackElo "1425"]
[Mode "WEB"]
[Result "0-1"]

1. d4 d5 2. Nc3 e6 3. Nf3 c6 4. e4 dxe4 5. Nxe4 f5 6. Nc3 Nf6 7. Bc4 Bd6 8. Bg5
a5 9. a4 h6 10. Be3 f4 11. Bd2 Nd5 12. Nxd5 cxd5 13. Bd3 Qf6 14. O-O Nc6 15. Bb5
Bd7 16. Bd3 h5 17. Re1 h4 18. h3 g5 19. c4 O-O 20. cxd5 exd5 21. Qc2 g4 22. Bh7+
Kh8 23. hxg4 Bxg4 24. Ne5 Bxe5 25. dxe5 Nxe5 26. Bc3 Rae8 27. Bg6 Re6 28. Rxe5
Rxe5 29. f3 Bd7 30. Kh2 Rg8 31. Bd3 h3 32. Re1 Rxg2+ 33. Kh1 Rxc2 34. Bxe5 Qxe5
35. Rxe5 Rc1+ 36. Kh2 Rd1 37. Bg6 Kg7 38. Bh5 Rd2+ 39. Kg1 h2+ 40. Kh1 Bh3 41.
Re7+ Kh6 42. Re5 Bd7 43. Bg4 Bxg4 44. fxg4 Rd1+ 45. Kxh2 Rd2+ 46. Kg1 Rxb2 47.
Rxd5 Ra2 48. Rd6+ Kg5 49. Rd5+ Kxg4 50. Rxa5 f3 51. Kf1 Kg3 52. Rb5 Ra1+ 53. Rb1
Rxb1# {BaylacAlison est échec et mat} 0-1

[Event "Tournament 14472 - Europe Echecs"]
[Site "Europe Echecs"]
[Date "2020.07.10"]
[Round "2"]
[Time "14:35:42"]
[PlyCount "77"]
[White "DrieuHugo"]
[Black "ElimortJessene"]
[WhiteElo "1425"]
[BlackElo "1199"]
[Mode "WEB"]
[Result "0-1"]

1. e4 e5 2. Nf3 Nf6 3. d4 exd4 4. e5 Ng4 5. h3 Nh6 6. Bxh6 gxh6 7. Qxd4 Nc6 8.
Qc3 Bb4 9. Bc4 Bxc3+ 10. Nxc3 O-O 11. O-O-O d6 12. Rhe1 Re8 13. Nd5 dxe5 14. Nb6
Qe7 15. Nxa8 e4 16. Bd5 Be6 17. Rxe4 Rxa8 18. Rde1 Re8 19. Nh4 Nd8 20. Kb1 Kf8
21. Nf5 Qc5 22. Bb3 Qxf5 23. R1e3 Bd7 24. Rxe8+ Bxe8 25. Rf3 Qb5 26. Rd3 Nc6 27.
a4 Qg5 28. Rg3 Qe5 29. Re3 Qh8 30. Rf3 h5 31. Rd3 h4 32. Kc1 Qg8 33. Bd5 h5 34.
Rd4 Nxd4 35. Bc4 Qxg2 36. c3 Qg1+ 37. Kd2 Qxf2+ 38. Kc1 Qe1# {DrieuHugo est échec et mat} 0-1

[Event "Tournament 14472 - Europe Echecs"]
[Site "Europe Echecs"]
[Date "2020.07.10"]
[Round "2"]
[Time "14:35:42"]
[PlyCount "36"]
[White "PiquardYarosla"]
[Black "JannotClement"]
[WhiteElo "1415"]
[BlackElo "1199"]
[Mode "WEB"]
[Result "1-0"]

1. e4 e5 2. Nf3 Nc6 3. Bc4 d6 4. d4 Nh6 5. dxe5 dxe5 6. Qxd8+ Nxd8 7. Nxe5 Be6
8. Nc3 Bb4 9. Be3 Bxc3+ 10. bxc3 O-O 11. O-O-O Nc6 12. Bxe6 fxe6 13. Nxc6 bxc6
14. Rd7 Rac8 15. Rhd1 Rfd8 16. Rxd8+ Rxd8 17. Rxd8+ Kf7 18. Bxh6 {JannotClement a abandonné} 1-0